A TEXTBOOK OF ORGANIC CHEMISTRY AND PROBLEM ANALYSIS (Record no. 216880)

MARC details
000 -LEADER
fixed length control field 00528nam a22001697a 4500
008 - FIXED-LENGTH DATA ELEMENTS--GENERAL INFORMATION
fixed length control field 260327b |||||||| |||| 00| 0 eng d
020 ## - INTERNATIONAL STANDARD BOOK NUMBER
International Standard Book Number 978-81-203-4797-7
050 ## - LIBRARY OF CONGRESS CALL NUMBER
Classification number QD251.3 .G43 2014
100 ## - MAIN ENTRY--PERSONAL NAME
Personal name GHATAK K.L
245 ## - TITLE STATEMENT
Title A TEXTBOOK OF ORGANIC CHEMISTRY AND PROBLEM ANALYSIS
260 ## - PUBLICATION, DISTRIBUTION, ETC.
Place of publication, distribution, etc. NEW DELHI
Name of publisher, distributor, etc. PHI LEARNING PRIVATE LIMITED
Date of publication, distribution, etc. 2014
300 ## - PHYSICAL DESCRIPTION
Extent X,1304
500 ## - GENERAL NOTE
General note INCLUDES AN INDEX
650 ## - SUBJECT ADDED ENTRY
Topical term or geographic name entry element Organic chemistry textbooks-Organic compounds -study and teaching
942 ## - ADDED ENTRY ELEMENTS (KOHA)
Source of classification or shelving scheme Library of Congress Classification
Koha item type Long Loan Book
Holdings
Withdrawn status Lost status Source of classification or shelving scheme Damaged status Not for loan Collection Home library Current library Shelving location Date acquired Inventory number Total checkouts Full call number Barcode Date last seen Copy number Price effective from Koha item type
    Library of Congress Classification     Science & Technology Kisii University Library Kisii University Library On Display 03/27/2026 112582   QD251.3 .G43 2014 A000910 03/27/2026 C.1 03/27/2026 Long Loan Book
    Library of Congress Classification     Science & Technology Kisii University Library Kisii University Library On Display 03/27/2026 112583   QD251.3 .G43 2014 A000908 03/27/2026 C.2 03/27/2026 Long Loan Book
    Library of Congress Classification     Science & Technology Kisii University Library Kisii University Library On Display 03/27/2026 112584   QD251.3 .G43 2014 A000903 03/27/2026 C.3 03/27/2026 Long Loan Book
    Library of Congress Classification     Science & Technology Kisii University Library Kisii University Library On Display 03/27/2026 112585   QD251.3 .G43 2014 A000912 03/27/2026 C.4 03/27/2026 Long Loan Book